000 01440nam a22002777a 4500
001 6283
003 FISKH
005 20250409100449.0
008 250409b cb ||||| |||| 00| 0 eng d
020 _a9781584769699
040 _aFISKH
_beng
_cFISKH
_dFISKH
050 _aPZ7
082 _a813
100 _aGaydos, Nora
245 _aNir! read It, write It, draw It:
_bMilo the monkey /
_cWritten by Nora Gaydos ; Illustrated by Sholto Walker
260 _aNorwalk :
_bInnovative Kids,
_c2009.
300 _a32 pages :
_bcolor illustrations ;
_c23 cm
505 _aC
520 _aThis extension of the award-winning, best-selling series by acclaimed author, Nora Gaydos, engages kids in an entertaining, hands-on reading, writing, and drawing experience! Includes more than 20 stickers. Level 3 - The Reading section mixes mixed complex vowel words, advanced word skills, more complex sentences, challenging vocabulary. The Writing section teaches story retelling, continued spelling practice, practice writing words and sentences. The Drawing section allows the completion of illustrations to match a story, independent expression of text in illustrations. Milo the Monkey loves to play music, but does he have what it takes to make it in Hollywood?
521 8 _a110
_bLexile
521 8 _aC
_bRaz-Plus
650 _aMonkey
700 _aWalker, Sholto
_eillustrator
942 _2ddc
_cBK
_n0
999 _c6283
_d6283